000 00369nam a22001577a 4500
999 _c533466
_d533466
003 NUST
005 20200106123045.0
008 200106b ||||| |||| 00| 0 eng d
038 _aMSOHAIL
082 _a823.914
100 _aPaul Doherty
_927371
245 _aThe Templar Magician
260 _aUK
_bHodder Headline
_cc2009
300 _a336;pxc
942 _2ddc
_cBK